| 000 | 00736nam a22001937a 4500 | ||
|---|---|---|---|
| 999 |
_c15265 _d15265 |
||
| 003 | OSt | ||
| 082 | _2631.3 GAN/FE | ||
| 088 | _aP 23 | ||
| 100 |
_aGANESH B _93944 |
||
| 245 | _aFeasibility study on electric power production by the helio - aero - gravity effect | ||
| 260 |
_aTavanur 1993 _bDepartment of Farm Power Machinery and Energy |
||
| 300 | _a107 | ||
| 500 | _aFeasibility study on electric power production by the helio - aero - gravity effect | ||
| 520 | _aFeasibility study on electric power production by the helio - aero - gravity effect | ||
| 700 |
_aJeeja C. K _93945 |
||
| 700 |
_aEr. Sathyajith Mathew (Guide) _93931 |
||
| 856 | _uhttps://drive.google.com/open?id=1sI3Rh3bDeH0J3sDs4esE6y2altOQmIJR | ||
| 942 | _cPR | ||